000 nam a22 7a 4500
999 _c9894
_d9894
008 180208b ||||| |||| 00| 0 eng d
100 _aJames walt
_95967
245 _aRamayanam, Mahaparatham
260 _aNew Delhi
_bMaanu Publication
_c2012